000 00340nam a2200133Ia 4500
008 240624s9999 xx 000 0 und d
041 _aeng
082 _a658.4063 SET
100 _aSETHI VIKRAM
245 _aORGANIZATIONAL TRANSFORMATION THROUGH BUSINES
260 _c2003
_aNew Delhi
_bPearson Education
300 _axi, : 575
365 _cRS
999 _c530
_d530